[Event "Algiers Selection op"]
[Site "Algiers"]
[Date "2020.03.13"]
[Round "1"]
[White "Idjeri, Yanis"]
[Black "Saheb, Kamel"]
[Result "1-0"]
[WhiteElo "2011"]
[BlackElo "1909"]
[PlyCount "63"]
[EventDate "2020.03.13"]
[EventType "swiss"]
[EventRounds "7"]
[EventCountry "ALG"]
[SourceTitle "CBM 195 Extra"]
[Source "ChessBase"]
[SourceDate "2020.05.31"]
[SourceVersion "1"]
[SourceVersionDate "2020.05.31"]
[SourceQuality "1"]

1. e4 e5 2. Nf3 Nc6 3. Bc4 Nf6 4. d3 Bc5 5. c3 d6 6. Bb3 a6 7. h3 Ba7 8. Nbd2 Ne7 9. Nf1 Ng6 10. Qe2 Be6 11. Bc2 d5 12. Ng5 dxe4 13. Nxe6 exd3 14. Nxg7+ Kf8 15. Ne6+ fxe6 16. Bh6+ Kf7 17. Bxd3 Nf4 18. Bxf4 exf4 19. 0-0-0 Qe7 20. Nh2 Qc5 21. Ng4 Rad8 22. Bc4 Rxd1+ 23. Rxd1 Re8 24. b4 Qg5 25. Kb2 Nxg4 26. Rd7+ Kf6 27. hxg4 Bb6 28. Rxh7 Qg6 29. Bd3 Qg5 30. Rh5 Qg7 31. a4 c6 32. Qe5+ 1-0

[Event "Algiers Selection op"]
[Site "Algiers"]
[Date "2020.03.13"]
[Round "2"]
[White "Saheb, Kamel"]
[Black "Djeddi, Mohamed"]
[Result "0-1"]
[WhiteElo "1909"]
[BlackElo "1844"]
[PlyCount "41"]
[EventDate "2020.03.13"]
[EventType "swiss"]
[EventRounds "7"]
[EventCountry "ALG"]
[SourceTitle "CBM 195 Extra"]
[Source "ChessBase"]
[SourceDate "2020.05.31"]
[SourceVersion "1"]
[SourceVersionDate "2020.05.31"]
[SourceQuality "1"]

1. d4 Nf6 2. Bg5 c5 3. d5 e6 4. e4 Qb6 5. Nc3 Qxb2 6. Bd2 Qb6 7. f4 d6 8. dxe6 Bxe6 9. f5 Bd7 10. Bc4 Nc6 11. Nf3 Ne5 12. Rb1 Qc7 13. Nxe5 dxe5 14. g4 h6 15. g5 hxg5 16. Bxg5 Rh3 17. Nd5 Nxd5 18. Bxd5 Bc6 19. c4 Be7 20. Qg4 Qa5+ 21. Kf1 0-1

[Event "Algiers Selection op"]
[Site "Algiers"]
[Date "2020.03.13"]
[Round "7"]
[White "Saheb, Kamel"]
[Black "Salhi, Nouressadat"]
[Result "1-0"]
[WhiteElo "1909"]
[BlackElo "1943"]
[PlyCount "61"]
[EventDate "2020.03.13"]
[EventType "swiss"]
[EventRounds "7"]
[EventCountry "ALG"]
[SourceTitle "CBM 195 Extra"]
[Source "ChessBase"]
[SourceDate "2020.05.31"]
[SourceVersion "1"]
[SourceVersionDate "2020.05.31"]
[SourceQuality "1"]

1. d4 Nf6 2. Bg5 c5 3. d5 e6 4. e4 h6 5. Bxf6 Qxf6 6. Nc3 a6 7. a4 d6 8. Qd2 e5 9. Bc4 Be7 10. Nge2 g5 11. Ra3 Nd7 12. Ng3 Nf8 13. Nd1 Bd8 14. Ne3 h5 15. a5 Ng6 16. Ngf5 Ne7 17. 0-0 Kf8 18. Rb3 Ng6 19. g3 Ne7 20. Nxe7 Qxe7 21. Nf5 Qf6 22. h3 Ra7 23. Be2 Qg6 24. g4 hxg4 25. Bxg4 b5 26. axb6 Bxb6 27. Ra1 a5 28. Rb5 Bc7 29. b4 cxb4 30. Rxb4 Bxf5 31. Bxf5 1-0

[Event "Sitges Sunway op-B 5th"]
[Site "Sitges"]
[Date "2018.12.14"]
[Round "1"]
[White "Saheb, Kamel"]
[Black "Tardio Fran, Emilio"]
[Result "1-0"]
[WhiteElo "1985"]
[BlackElo "1736"]
[PlyCount "59"]
[EventDate "2018.12.14"]
[EventType "swiss"]
[EventRounds "10"]
[EventCountry "ESP"]
[SourceTitle "CBM 187 Extra"]
[Source "ChessBase"]
[SourceDate "2018.11.04"]
[SourceVersion "1"]
[SourceVersionDate "2018.11.04"]
[SourceQuality "1"]

1. d4 Nf6 2. Bg5 e6 3. e3 h6 4. Bh4 Be7 5. Nd2 0-0 6. Bd3 b6 7. Ngf3 Bb7 8. 0-0 Nc6 9. c3 Nd5 10. Bxe7 Qxe7 11. Re1 f5 12. c4 Nf6 13. a3 Nd8 14. e4 fxe4 15. Nxe4 Nf7 16. Ng3 Rae8 17. Bg6 Bxf3 18. Qxf3 Qd6 19. Rad1 Rd8 20. h4 Nh8 21. Bb1 c6 22. d5 Nxd5 23. Qd3 Qf4 24. Qh7+ Kf7 25. cxd5 cxd5 26. Rxd5 exd5 27. Nf5 Rg8 28. g3 Qf3 29. Nxh6+ Kf6 30. Nxg8+ 1-0

[Event "Benidorm op U2000 17th"]
[Site "Benidorm"]
[Date "2018.12.08"]
[Round "10"]
[White "Camison Zornoza, Cesar"]
[Black "Saheb, Kamel"]
[Result "1-0"]
[WhiteElo "1910"]
[BlackElo "1985"]
[PlyCount "78"]
[EventDate "2018.11.30"]
[EventType "swiss"]
[EventRounds "10"]
[EventCountry "ESP"]
[SourceTitle "EXT 2022"]
[Source "ChessBase"]
[SourceDate "2021.10.06"]
[SourceVersion "1"]
[SourceVersionDate "2021.10.06"]
[SourceQuality "1"]

1. e4 e5 2. Nf3 Nc6 3. Bc4 Nf6 4. Qe2 Bc5 5. c3 a5 6. d3 0-0 7. Bg5 h6 8. Bh4 Be7 9. a4 d6 10. Nbd2 Nh5 11. Bg3 Bg4 12. Nf1 Nf4 13. Bxf4 exf4 14. h3 Be6 15. d4 Bxc4 16. Qxc4 Bf6 17. 0-0-0 Re8 18. e5 d5 19. Qd3 Be7 20. g3 fxg3 21. Nxg3 Bg5+ 22. Kc2 Ra6 23. h4 Be7 24. Rdg1 Qd7 25. Nf5 Nb4+ 26. cxb4 Qxa4+ 27. Kd2 Bxb4+ 28. Ke2 g6 29. Nxh6+ Kf8 30. h5 g5 31. Nf5 Be7 32. h6 Bf6 33. h7 Bh8 34. Rxg5 Rg6 35. Rxg6 fxg6 36. N5h4 Re6 37. Nxg6+ Rxg6 38. Qxg6 Qc2+ 39. Qxc2 Ke8 1-0

[Event "Benidorm op U2000 17th"]
[Site "Benidorm"]
[Date "2018.12.04"]
[Round "5"]
[White "Tusu, Nicolae Dan"]
[Black "Saheb, Kamel"]
[Result "1-0"]
[WhiteElo "1880"]
[BlackElo "1985"]
[PlyCount "73"]
[EventDate "2018.11.30"]
[EventType "swiss"]
[EventRounds "10"]
[EventCountry "ESP"]
[SourceTitle "EXT 2022"]
[Source "ChessBase"]
[SourceDate "2021.10.06"]
[SourceVersion "1"]
[SourceVersionDate "2021.10.06"]
[SourceQuality "1"]

1. e4 e5 2. Nf3 Nc6 3. Bb5 Bc5 4. 0-0 Nf6 5. c3 a6 6. Ba4 b5 7. Bb3 d6 8. d4 Bb6 9. h3 0-0 10. Re1 h6 11. a4 Rb8 12. Na3 Bb7 13. axb5 axb5 14. Nxb5 Re8 15. Bc2 exd4 16. cxd4 Nb4 17. e5 Nxc2 18. Qxc2 Bxf3 19. gxf3 Qd7 20. Bxh6 gxh6 21. exf6 Qxh3 22. Qc6 Rf8 23. Ra3 Kh8 24. Re4 Rg8+ 25. Rg4 Rbe8 26. Qc1 Rg5 27. Rxg5 hxg5 28. Re3 Rg8 29. Qc6 g4 30. Re8 Qh7 31. fxg4 Qb1+ 32. Kg2 Qg6 33. Rxg8+ Kxg8 34. Qf3 Qg5 35. d5 Kh7 36. Nc3 Bd4 37. Qe4+ 1-0

[Event "ALG-ch"]
[Site "Algiers"]
[Date "2016.01.17"]
[Round "2"]
[White "Saheb, Kamel"]
[Black "Nassr, Ali"]
[Result "0-1"]
[WhiteElo "1967"]
[BlackElo "2190"]
[PlyCount "52"]
[EventDate "2016.01.16"]
[EventType "swiss"]
[EventRounds "9"]
[EventCountry "ALG"]
[SourceTitle "CBM 170 Extra"]
[Source "ChessBase"]
[SourceDate "2016.02.25"]
[SourceVersion "1"]
[SourceVersionDate "2016.02.25"]
[SourceQuality "1"]

1. d4 d5 2. c4 e6 3. Nf3 Nf6 4. g3 dxc4 5. Bg2 Be7 6. Qa4+ Nbd7 7. Qxc4 c5 8. 0-0 0-0 9. dxc5 Bxc5 10. b4 Be7 11. Bb2 Nb6 12. Qb3 Nfd5 13. Rd1 Bd7 14. b5 Qc8 15. Na3 Qc5 16. Rd4 Rac8 17. Rad1 Rfd8 18. Ne5 Be8 19. Nd3 Qc7 20. Rg4 Bf6 21. e4 Bxb2 22. Qxb2 Nc3 23. Nb1 Nba4 24. Qb3 Nxd1 25. Qxd1 Nb2 26. Qc1 Qxc1+ 0-1

[Event "Algiers Ameyar Memorial 13th"]
[Site "Algiers"]
[Date "2015.06.14"]
[Round "8"]
[White "Saheb, Kamel"]
[Black "Nassr, Ahmed"]
[Result "1/2-1/2"]
[WhiteElo "1974"]
[BlackElo "1972"]
[PlyCount "100"]
[EventDate "2015.06.09"]
[EventType "swiss"]
[EventRounds "9"]
[EventCountry "ALG"]
[SourceTitle "CBM 167 Extra"]
[Source "ChessBase"]
[SourceDate "2015.09.14"]
[SourceVersion "1"]
[SourceVersionDate "2015.09.14"]
[SourceQuality "1"]

1. e4 c5 2. Nc3 Nc6 3. f4 e6 4. Bc4 a6 5. d3 Nge7 6. Nf3 d5 7. Bb3 d4 8. Ne2 Na5 9. 0-0 Nxb3 10. axb3 g6 11. Qe1 Nc6 12. Bd2 Bg7 13. f5 Qe7 14. Qg3 Bd7 15. Bf4 f6 16. fxe6 Bxe6 17. Bd2 0-0-0 18. Rae1 Rhf8 19. Nf4 Bg8 20. Nh5 Qd6 21. Bf4 Ne5 22. Nxe5 fxe5 23. Bg5 Rde8 24. Rxf8 Qxf8 25. Qh3+ Kb8 26. Rf1 Qd6 27. Nf6 Bxf6 28. Bxf6 Rf8 29. Qf3 Rf7 30. g4 Qe6 31. g5 Kc7 32. Kg2 Kd6 33. Kg3 b6 34. Kh4 Kd7 35. Ra1 a5 36. Rf1 Kc6 37. Kg3 Kd6 38. Kg2 Kd7 39. Qd1 h5 40. Qf3 Kd6 41. Kh1 Kc6 42. Qd1 Kd6 43. c4 Qe8 44. Rf2 Qc6 45. Rg2 Qe8 46. Qe1 Ra7 47. Qa1 Rc7 48. Rf2 Rf7 49. Qg1 Qe6 50. Qe1 Qe8 1/2-1/2

[Event "Algiers Ameyar Memorial 13th"]
[Site "Algiers"]
[Date "2015.06.12"]
[Round "5"]
[White "Saim, Mohamed Ilias"]
[Black "Saheb, Kamel"]
[Result "0-1"]
[WhiteElo "2144"]
[BlackElo "1974"]
[PlyCount "94"]
[EventDate "2015.06.09"]
[EventType "swiss"]
[EventRounds "9"]
[EventCountry "ALG"]
[SourceTitle "CBM 167 Extra"]
[Source "ChessBase"]
[SourceDate "2015.09.14"]
[SourceVersion "1"]
[SourceVersionDate "2015.09.14"]
[SourceQuality "1"]

1. e4 e5 2. Nf3 Nc6 3. d4 exd4 4. Bc4 Nf6 5. Ng5 d5 6. exd5 Qe7+ 7. Be2 Nxd5 8. 0-0 h6 9. Nf3 Be6 10. Nxd4 Nxd4 11. Qxd4 Qc5 12. Qa4+ c6 13. Na3 Be7 14. c4 Nb6 15. Qc2 0-0 16. Be3 Qf5 17. Bd3 Qg4 18. Be2 Qf5 19. Bd3 Qg4 20. f3 Qh5 21. f4 Bc5 22. Qf2 Bxe3 23. Qxe3 Rfe8 24. Rae1 f6 25. Qe4 Qc5+ 26. Kh1 Bf7 27. Qh7+ Kf8 28. Nc2 Bg8 29. Qg6 Bf7 30. Qh7 Bg8 31. Qh8 Qd6 32. Bh7 Kf7 33. Ne3 Bxh7 34. Qxh7 Qd2 35. Nf5 Rxe1 36. Qxg7+ Ke8 37. Nd6+ Kd8 38. Nxb7+ Kc8 39. Nd6+ Qxd6 40. Rxe1 Nd7 41. h3 Kc7 42. Qxh6 Qd2 43. Re7 Rg8 44. g4 Qc1+ 45. Kg2 Qxb2+ 46. Kf3 Qc3+ 47. Kg2 Rb8 0-1

[Event "Algiers op 3rd"]
[Site "Algiers"]
[Date "2015.02.26"]
[Round "7"]
[White "Saheb, Kamel"]
[Black "Hamza, Amira"]
[Result "0-1"]
[WhiteElo "1990"]
[BlackElo "1910"]
[PlyCount "30"]
[EventDate "2015.02.22"]
[EventType "swiss"]
[EventRounds "9"]
[EventCountry "ALG"]
[SourceTitle "CBM 165 Extra"]
[Source "ChessBase"]
[SourceDate "2015.04.21"]
[SourceVersion "1"]
[SourceVersionDate "2015.04.21"]
[SourceQuality "1"]

1. d4 Nf6 2. Bg5 e6 3. e4 Be7 4. Nc3 Nxe4 5. Bxe7 Nxc3 6. Bxd8 Nxd1 7. Bxc7 Nxb2 8. Bd6 Na4 9. Kd2 f6 10. Nf3 Nc6 11. c4 a6 12. Bd3 b5 13. Rhb1 Nd8 14. cxb5 axb5 15. Bxb5 Nb6 0-1

[Event "Algiers op 3rd"]
[Site "Algiers"]
[Date "2015.02.25"]
[Round "5"]
[White "Saheb, Kamel"]
[Black "Messaoudi, Elhadi"]
[Result "1-0"]
[WhiteElo "1990"]
[BlackElo "1840"]
[PlyCount "58"]
[EventDate "2015.02.22"]
[EventType "swiss"]
[EventRounds "9"]
[EventCountry "ALG"]
[SourceTitle "CBM 165 Extra"]
[Source "ChessBase"]
[SourceDate "2015.04.21"]
[SourceVersion "1"]
[SourceVersionDate "2015.04.21"]
[SourceQuality "1"]

1. e4 e5 2. Nf3 d6 3. d4 Nd7 4. Bc4 c6 5. a4 Ngf6 6. Qe2 exd4 7. Nxd4 Ne5 8. Bb3 Bg4 9. f3 Bd7 10. Be3 a6 11. Nc3 g6 12. 0-0 c5 13. f4 Neg4 14. Nf3 Nxe3 15. Qxe3 Bg7 16. e5 Ng4 17. Qe1 0-0 18. e6 fxe6 19. Bxe6+ Kh8 20. Ng5 Ne3 21. Rf3 Bd4 22. Rxe3 Bxe6 23. Nxe6 Qf6 24. Nxd4 cxd4 25. Re6 Qf5 26. g4 Qc5 27. Ne4 Qb6 28. Rxd6 Qxb2 29. Rd1 Rac8 1-0

[Event "Algiers op 3rd"]
[Site "Algiers"]
[Date "2015.02.23"]
[Round "2"]
[White "Saheb, Kamel"]
[Black "Belouadah, Saad"]
[Result "0-1"]
[WhiteElo "1990"]
[BlackElo "2330"]
[PlyCount "82"]
[EventDate "2015.02.22"]
[EventType "swiss"]
[EventRounds "9"]
[EventCountry "ALG"]
[SourceTitle "CBM 165 Extra"]
[Source "ChessBase"]
[SourceDate "2015.04.21"]
[SourceVersion "1"]
[SourceVersionDate "2015.04.21"]
[SourceQuality "1"]

1. e4 e5 2. Nf3 d6 3. d4 Qe7 4. Bd3 Bg4 5. c3 Nf6 6. h3 Bxf3 7. Qxf3 g6 8. 0-0 Bg7 9. Nd2 0-0 10. Re1 Nh5 11. Nb3 Nd7 12. Be3 Kh8 13. Rad1 Rac8 14. d5 c5 15. c4 Nf4 16. Bf1 a5 17. Nd2 f5 18. exf5 Rxf5 19. Bxf4 Qf8 20. Qg4 exf4 21. Bd3 Ne5 22. Bxf5 Nxg4 23. Bxg4 Rb8 24. Ne4 Bxb2 25. Ng5 Qf6 26. h4 Be5 27. Rb1 b6 28. Be6 Rb7 29. Bc8 Rc7 30. Rxb6 h6 31. Ne4 Qxh4 32. Rb8 Kh7 33. Be6 h5 34. Reb1 f3 35. gxf3 Qh2+ 36. Kf1 Qf4 37. Ke2 a4 38. Rg8 Re7 39. Rbb8 Qc1 40. Rbd8 Qxc4+ 41. Ke1 Qxa2 0-1

[Event "Algiers op 3rd"]
[Site "Algiers"]
[Date "2015.02.23"]
[Round "3"]
[White "Ziani, Racym"]
[Black "Saheb, Kamel"]
[Result "0-1"]
[WhiteElo "1702"]
[BlackElo "1990"]
[PlyCount "86"]
[EventDate "2015.02.22"]
[EventType "swiss"]
[EventRounds "9"]
[EventCountry "ALG"]
[SourceTitle "CBM 165 Extra"]
[Source "ChessBase"]
[SourceDate "2015.04.21"]
[SourceVersion "1"]
[SourceVersionDate "2015.04.21"]
[SourceQuality "1"]

1. c4 Nf6 2. Nc3 d5 3. cxd5 Nxd5 4. d3 g6 5. g3 Bg7 6. Bd2 0-0 7. Bg2 Nb6 8. Nf3 Nc6 9. 0-0 e5 10. a3 Nd4 11. Nxd4 exd4 12. Ne4 Re8 13. Re1 Nd5 14. Rc1 c6 15. Ng5 Ne3 16. Bxe3 dxe3 17. f4 h6 18. Ne4 Bxb2 19. Rc4 Bg7 20. Qb1 Be6 21. Rc2 Qb6 22. Qc1 Rad8 23. Nc5 Bd5 24. Na4 Qd4 25. Bxd5 Qxd5 26. Nc5 b6 27. Na6 Qa5 28. Nb4 Rd6 29. Nxc6 Qd5 30. Nxa7 Kh7 31. Nc6 g5 32. Nb4 Qf5 33. Rf1 g4 34. Rc7 h5 35. Qc4 Ree6 36. Rc6 h4 37. Rxd6 Rxd6 38. Qe4 Qxe4 39. dxe4 hxg3 40. hxg3 Rd2 41. Re1 Bc3 42. Nd3 Rxd3 43. Rb1 Rd2 0-1

[Event "ALG-ch sf"]
[Site "Algiers"]
[Date "2015.01.02"]
[Round "7"]
[White "Saim, Mohamed Ilias"]
[Black "Saheb, Kamel"]
[Result "1-0"]
[WhiteElo "2014"]
[BlackElo "2035"]
[PlyCount "60"]
[EventDate "2014.12.30"]
[EventType "swiss"]
[EventRounds "9"]
[EventCountry "ALG"]
[SourceTitle "CBM 164 Extra"]
[Source "ChessBase"]
[SourceDate "2015.03.02"]
[SourceVersion "1"]
[SourceVersionDate "2015.03.02"]
[SourceQuality "1"]

1. e4 d5 2. exd5 Qxd5 3. Nc3 Qd6 4. d4 Nf6 5. Nf3 a6 6. g3 g6 7. Bg2 Bg7 8. 0-0 0-0 9. Re1 Nc6 10. Bf4 Qd8 11. Qd2 Bf5 12. a3 Re8 13. Rad1 Nh5 14. Bg5 h6 15. Bxh6 Bxc2 16. Bxg7 Bxd1 17. Qh6 f6 18. Ng5 fxg5 19. Bd5+ e6 20. Rxe6 Qxd5 21. Rxe8+ Rxe8 22. Nxd5 Re1+ 23. Kg2 Nxg7 24. Qxg6 g4 25. Nf6+ Kf8 26. Nxg4 Re6 27. Qg5 Rd6 28. Qf5+ Ke7 29. d5 Bxg4 30. Qxg4 Ne6 1-0

[Event "ALG-chT"]
[Site "Staoueli"]
[Date "2014.08.24"]
[Round "5.3"]
[White "Khennous, Fares"]
[Black "Saheb, Kamel"]
[Result "0-1"]
[WhiteElo "1857"]
[BlackElo "2043"]
[PlyCount "116"]
[EventDate "2014.08.22"]
[EventType "team-swiss"]
[EventRounds "9"]
[EventCountry "ALG"]
[SourceTitle "EXT 2016"]
[Source "ChessBase"]
[SourceDate "2015.10.08"]
[SourceVersion "1"]
[SourceVersionDate "2015.10.08"]
[SourceQuality "1"]
[WhiteTeam "Bejaia BCE"]
[BlackTeam "Constantine CEA"]
[WhiteTeamCountry "ALG"]
[BlackTeamCountry "ALG"]

1. d4 Nf6 2. Nf3 g6 3. c4 d5 4. g3 Bg7 5. Bg2 0-0 6. Nc3 c6 7. cxd5 cxd5 8. Ne5 Nc6 9. Nxc6 bxc6 10. 0-0 Ba6 11. Na4 Nd7 12. f4 Bb5 13. Be3 f5 14. Rc1 Qa5 15. Nc3 Ba6 16. Re1 e6 17. Qa4 Qb6 18. Red1 Rfc8 19. Qa3 Bf8 20. Qa4 Bb5 21. Nxb5 cxb5 22. Qb3 Rc4 23. Rxc4 bxc4 24. Qa4 Nf6 25. Bc1 a6 26. Bf3 Qb5 27. Qc2 Rc8 28. h3 a5 29. g4 a4 30. Kh2 Rb8 31. Rg1 Kf7 32. h4 Bd6 33. h5 a3 34. bxa3 Ra8 35. gxf5 exf5 36. Rg3 Ne4 37. Bxe4 fxe4 38. Kg2 Qa4 39. Qd2 Rg8 40. h6 g5 41. Rxg5 Rxg5+ 42. fxg5 Kg6 43. Qe1 Bxa3 44. Be3 Qd7 45. Qg3 Bd6 46. Bf4 Bxf4 47. Qxf4 Qe6 48. a4 c3 49. Kf2 c2 50. Qc1 e3+ 51. Kg3 Qf5 52. a5 Kxg5 53. a6 Qg4+ 54. Kh2 Qxe2+ 55. Kh3 Qh5+ 56. Kg3 Qh4+ 57. Kg2 Qf2+ 58. Kh3 Qh4+ 0-1

[Event "ALG-chT"]
[Site "Algiers"]
[Date "2013.08.24"]
[Round "6.1"]
[White "Saheb, Kamel"]
[Black "Djaballah, Farouk"]
[Result "1-0"]
[WhiteElo "2072"]
[BlackElo "2025"]
[PlyCount "68"]
[EventDate "2013.08.21"]
[EventType "team-swiss"]
[EventRounds "9"]
[EventCountry "ALG"]
[SourceTitle "CBM 156 Extra"]
[Source "ChessBase"]
[SourceDate "2013.10.22"]
[SourceVersion "1"]
[SourceVersionDate "2013.10.22"]
[SourceQuality "1"]
[WhiteTeam "Constantine CEA"]
[BlackTeam "Bejaia BCE"]
[WhiteTeamCountry "ALG"]
[BlackTeamCountry "ALG"]

1. d4 d5 2. Bg5 c6 3. e3 Bf5 4. c4 Nf6 5. Nc3 e6 6. Nf3 a6 7. Qb3 Ra7 8. cxd5 exd5 9. Bxf6 gxf6 10. 0-0-0 b5 11. Bd3 Bxd3 12. Rxd3 f5 13. Kb1 Nd7 14. Rc1 Bd6 15. Ne2 Rc7 16. Rdc3 Nb8 17. Nf4 0-0 18. Nd3 a5 19. Nde5 a4 20. Qc2 b4 21. Nxc6 Qe8 22. Nxb4 Rxc3 23. Qxc3 f4 24. Nc2 fxe3 25. Qxe3 Qd8 26. Qh6 f6 27. Ne3 Qe8 28. Qh4 Qb5 29. Qg4+ Kh8 30. Qf5 a3 31. b3 Nc6 32. Qxd5 Qd3+ 33. Rc2 Ne7 34. Qxd6 Rc8 1-0

[Event "ALG-chT"]
[Site "Algiers"]
[Date "2013.08.21"]
[Round "1.1"]
[White "Benkiar, Djamel"]
[Black "Saheb, Kamel"]
[Result "1/2-1/2"]
[WhiteElo "2027"]
[BlackElo "2072"]
[PlyCount "100"]
[EventDate "2013.08.21"]
[EventType "team-swiss"]
[EventRounds "9"]
[EventCountry "ALG"]
[SourceTitle "CBM 156 Extra"]
[Source "ChessBase"]
[SourceDate "2013.10.22"]
[SourceVersion "1"]
[SourceVersionDate "2013.10.22"]
[SourceQuality "1"]
[WhiteTeam "Medea Akouas"]
[BlackTeam "Constantine CEA"]
[WhiteTeamCountry "ALG"]
[BlackTeamCountry "ALG"]

1. d4 Nf6 2. Nc3 d5 3. Bg5 Ne4 4. Nxe4 dxe4 5. e3 g6 6. Bc4 Bg7 7. c3 0-0 8. Qc2 c5 9. dxc5 Nc6 10. Rd1 Qc7 11. Bf4 Ne5 12. Ne2 Qxc5 13. Bxe5 Qxe5 14. Ng3 Be6 15. Bxe6 Qxe6 16. 0-0 f5 17. Qa4 b5 18. Qa5 Qb6 19. Qb4 Bf6 20. Rd5 Rab8 21. Rfd1 a6 22. Rd7 Rfd8 23. Qb3+ Kf8 24. Ne2 Rxd7 25. Rxd7 Rd8 26. Qd5 Rxd7 27. Qxd7 Qd6 28. Qxd6 exd6 29. Nf4 Kf7 30. Kf1 Bg5 31. Nd5 Bd8 32. Ke2 Ke6 33. Nb4 a5 34. Nc2 Bb6 35. Na3 b4 36. cxb4 axb4 37. Nc2 Bc5 38. Na1 Kd5 39. Nb3 Kc4 40. Nd2+ Kb5 41. b3 d5 42. h3 d4 43. exd4 Bxd4 44. f3 exf3+ 45. Nxf3 Bg7 46. Kd3 Bf6 47. Ne1 Kc5 48. Nc2 Bb2 49. Ne3 Be5 50. Nc2 Bb2 1/2-1/2

[Event "Olomouc op"]
[Site "Olomouc"]
[Date "2009.08.09"]
[Round "5"]
[White "Zwardon, Vojtech"]
[Black "Saheb, Kamel"]
[Result "1-0"]
[WhiteElo "2231"]
[BlackElo "2111"]
[PlyCount "55"]
[EventDate "2009.08.05"]
[EventType "swiss"]
[EventRounds "9"]
[EventCountry "CZE"]
[SourceTitle "CBM 131 Extra"]
[Source "ChessBase"]
[SourceDate "2009.09.03"]
[SourceVersion "2"]
[SourceVersionDate "2009.09.16"]
[SourceQuality "1"]

1. f4 d5 2. Nf3 Nf6 3. b3 c5 4. e3 Nc6 5. Bb2 Bg4 6. h3 Bxf3 7. Qxf3 e6 8. Bd3 Bd6 9. Nc3 Rc8 10. g4 d4 11. Nb5 Nd5 12. 0-0-0 a6 13. Nxd6+ Qxd6 14. Be4 0-0 15. f5 b5 16. g5 c4 17. Kb1 Rfd8 18. f6 g6 19. h4 c3 20. h5 Rd7 21. hxg6 fxg6 22. Bxg6 Ne5 23. Bxh7+ Rxh7 24. Qe4 Qc7 25. Rxh7 Qxh7 26. Qxe5 Qf5 27. Qxf5 exf5 28. dxc3 1-0